000 00758cam a2200157ua 4500
041 _aeng
_h
082 _a624.151
_bIND/CO
110 1 _aIndian Standards Institution .
_b
_c()
245 _aCode of practice for design and construction of shallow foundations in soils (other than raft, ring and shell), IS1080-1985 /
_cIndian Standards Institution.
_hTextual Documents
250 _a1 /
_b.
260 _aNew Delhi :
_bIndian Standards Institution ,
_c1986.
300 _a7 ; .
504 _a
942 _cBK
999 _c7950
_d7950